L'Équipe de France par palmarès des joueurs - Statistiques

Statistiques générales
  • Ce quiz a été pris 93 fois
  • Le résultat moyen est 16 sur 27
Statistiques - réponses
Palmarès Joueur/Entraineur % Correct
Champion du Monde des nations 2018Quadruple champion d'Europe des clubs (C1) Triple champion d'Espagne Double vainqueur de la Supercoupe d'Espagne Vainqueur de la Coupe d'Espagne 2014 Raphaël Varane
83%
Champion du monde des Nations 2018Champion d'Espagne 2021 Champion de France 2017 Thomas Lemar
83%
Champion du Monde des Nations 2018Champion d'Europe des clubs 2020 (C1) Vainqueur de la Ligue Europa (C3) 2018 Champion d'Espagne 2014 Double champion d'Allemagne Lucas Hernandez
82%
Quadruple champion d'Europe des clubs (C1)Triple champion d'Espagne Quadruple champion de France Triple champion de la Supercoupe d'Espagne Karim Benzema
78%
Champion du Monde des nations 2018 Quadruple champion de FranceTriple vainqueur de la Coupe de France
Finaliste de la Ligue des Champions (C1) 2020
Kylian MBappé
78%
Sextuple champion de FranceChampion d'Italie 2020 Quadruple vainqueur de la Coupe de la Ligue française Double vainqueur de la Coupe de France Vainqueur de la Coupe d'Italie 2021 Adrien Rabiot
77%
Champion du Monde des nations 2018Quintuple champion de France Finaliste de la Ligue des Champions (C1) 2020 Triple vainqueur de la Coupe de la Ligue française Presnel Kimpembe
75%
Champion du Monde des nations 2018Quadruple champion d'Italie Double vainqueur de la Coupe d'Italie Vainqueur de la Ligue Europa (C3) 2017 Vainqueur de la Coupe de la Ligue anglaise 2017 Paul Pogba
74%
Champion du Monde des nations 2018Champion d'Europe des clubs 2020 (C1) Double champion d'Allemagne Benjamin Pavard
73%
Champion du Monde des nations 2018Vainqueur de la Ligue Europa (C3) 2018 Triple vice-champion d'Espagne Vainqueur de la Coupe d'Espagne 2021 Antoine Griezmann
71%
Champion du Monde des nations 2018Champion d'Europe des clubs (C1) 2021 Vainqueur de la Ligue Europa (C3) 2019 Quadruple vainqueur de la Coupe d'Angleterre Champion de France 2012 Olivier Giroud
70%
Champion du Monde des nations 2018Champion de France 2010 Triple vainqueur de la Coupe de la Ligue française Finaliste de la Ligue Europa (C3) 2018 Steve Mandanda
70%
Champion de France 2021Vice-Champion de France 2019 Mike Maignan
68%
Double champion du Monde des nationsDouble vainqueur de la Ligue des Champions (C1)
Triple champion d'Italie Triple champion de France
Didier Deschamps
66%
Champion du Monde des nations 2018 Champion d'Europe des clubs (C1) 2021 Vainqueur de la Ligue Europa (C3) 2019 Double champion d'AngleterreVainqueur de la Coupe d'Angleterre 2018 N'Golo Kanté
62%
Champion d'Europe des clubs (C1) 2020Double champion de France Double champion d'Italie Sextuple champion d'Allemagne Kingsley Coman
61%
Champion du Monde des nations 2018Double champion d'Espagne Double vainqueur de la Coupe d'Espagne Ousmane Dembélé
61%
Champion d'Europe des clubs (C1) 2021 Double champion d'AngleterreVainqueur de la Coupe de la Ligue anglaise 2015 Vainqueur de la Coupe de la Ligue française 2013 Kurt Zouma
57%
Champion du Monde des nations 2018Champion d'Europe des clubs (C1) 2021 Quadruple champion d'Allemagne Double vice-champion de France Corentin Tolisso
53%
Champion du Monde des nations 2018Vice-champion de France et d'Angleterre Vainqueur de la Coupe de France 2012 Double vainqueur de la Coupe de la Ligue anglaise Hugo Lloris
51%
Champion d'Espagne 2019 Vainqueur de la Coupe d'Espagne 2021 Vainqueur de la Supercoupe d'Espagne 2018 Champion de Ligue 2 (D2 France) 2016 Clément Lenglet
43%
Vice-champion d'Angleterre 2017 Finaliste de la Ligue des champions 2019 Finaliste de la Coupe de la Ligue anglaise 2021 Moussa Sissoko
42%
Vainqueur de la Ligue Europa (C3) 2020Champion de France des -19 ans 2017 Jules Koundé
40%
Finaliste de la Coupe de France 2021Double finaliste de la Supercoupe d'Espagne Finaliste de la Coupe d'Espagne 2018 Wissam Ben Yedder
38%
Finaliste de la Coupe de la Ligue française 2020 Léo Dubois
30%
Champion d'Europe des -19 ans 2016Finaliste de la Coupe de la Ligue française 2019 Marcus Thuram
29%
Double champion de FranceChampion d'Espagne 2018 Champion du monde des -20 ans 2013 Lucas Digne
26%
Aucun quiz correspondant
Distribution des résultats
% des personnes avec chaque résultat
Percentile par nombre de réponses
Votre historique - résultats
Vous n’avez pas pris ce quiz